[Event "NOR-chB"]
[Site "Oslo"]
[Date "2023.07.06"]
[Round "7"]
[White "Nordby, Bernt"]
[Black "Moe, Pal"]
[Result "1-0"]
[WhiteElo "1981"]
[BlackElo "1703"]
[PlyCount "95"]
[EventDate "2023.06.30"]
[EventType "swiss"]
[EventRounds "9"]
[EventCountry "NOR"]
[SourceTitle "EXT 2024"]
[Source "ChessBase"]
[SourceDate "2023.10.10"]
[SourceVersion "1"]
[SourceVersionDate "2023.10.10"]
[SourceQuality "1"]

1. d4 d5 2. c4 c6 3. Nf3 Nf6 4. e3 Bf5 5. cxd5 cxd5 6. Qb3 Qc7 7. Bb5+ Nc6 8. Bd2 e6 9. 0-0 Bd6 10. Bb4 0-0 11. Bxd6 Qxd6 12. Rc1 Rfc8 13. Nbd2 Nd7 14. Rc3 a6 15. Bxc6 bxc6 16. Rac1 a5 17. Qa4 Ra6 18. h3 h6 19. Qa3 Qxa3 20. Rxa3 c5 21. dxc5 Rxc5 22. Rxc5 Nxc5 23. Nd4 Bg6 24. Rc3 Ne4 25. Nxe4 Bxe4 26. f3 Bg6 27. Ra3 Rb6 28. Rb3 Ra6 29. Ra3 a4 30. b3 axb3 31. Rxa6 b2 32. Ra8+ Kh7 33. Rb8 b1Q+ 34. Rxb1 Bxb1 35. a4 Kg6 36. Nb5 Bd3 37. Nc7 Kf6 38. a5 Ke5 39. a6 Bxa6 40. Nxa6 d4 41. Kf2 g5 42. Nb4 dxe3+ 43. Kxe3 f5 44. Nd3+ Kf6 45. f4 h5 46. fxg5+ Kxg5 47. Ne5 f4+ 48. Ke4 1-0

[Event "NOR-chB"]
[Site "Oslo"]
[Date "2023.07.05"]
[Round "6"]
[White "Moe, Pal"]
[Black "Danielsen, Arne"]
[Result "1/2-1/2"]
[WhiteElo "1703"]
[BlackElo "2032"]
[PlyCount "101"]
[EventDate "2023.06.30"]
[EventType "swiss"]
[EventRounds "9"]
[EventCountry "NOR"]
[SourceTitle "EXT 2024"]
[Source "ChessBase"]
[SourceDate "2023.10.10"]
[SourceVersion "1"]
[SourceVersionDate "2023.10.10"]
[SourceQuality "1"]

1. e4 d5 2. exd5 Nf6 3. d4 Nxd5 4. c4 Nf6 5. Nf3 Bg4 6. Be2 e6 7. 0-0 Bd6 8. h3 Bf5 9. Nc3 c6 10. Bd3 Bxd3 11. Qxd3 0-0 12. Bg5 h6 13. Bxf6 Qxf6 14. Ne4 Qe7 15. Nxd6 Qxd6 16. Rad1 Rd8 17. Qb3 b6 18. Rd2 Na6 19. Rfd1 Nc7 20. a3 Qe7 21. Ne5 Qe8 22. Qf3 Rd6 23. Qg3 Rad8 24. Ng4 Kf8 25. Qf4 Kg8 26. Rd3 c5 27. Rg3 Kf8 28. Rdd3 cxd4 29. Ne5 f5 30. Rg6 R8d7 31. Nxd7+ Rxd7 32. Rgg3 e5 33. Qxf5+ Rf7 34. Qh5 Qe6 35. Rdf3 Rxf3 36. Qxf3+ Kg8 37. Qe4 Ne8 38. f4 Qxc4 39. fxe5 Nc7 40. Kh2 Ne6 41. Qg6 Qd5 42. Qf5 Nf8 43. Rf3 Ne6 44. Qf7+ Kh7 45. Qf5+ Kg8 46. Qf7+ Kh7 47. Qf5+ Kg8 48. Kh1 Qc4 49. Qf7+ Kh7 50. Qf5+ Kg8 51. Qf7+ 1/2-1/2

[Event "Oslo Sveins op 11th"]
[Site "Oslo"]
[Date "2018.06.26"]
[Round "8"]
[White "Moe, Pal"]
[Black "Greibrokk, Maria"]
[Result "0-1"]
[WhiteElo "1778"]
[BlackElo "1723"]
[PlyCount "108"]
[EventDate "2018.06.22"]
[EventType "swiss"]
[EventRounds "9"]
[EventCountry "NOR"]
[SourceTitle "CBM 185 Extra"]
[Source "ChessBase"]
[SourceDate "2018.07.29"]
[SourceVersion "1"]
[SourceVersionDate "2018.07.29"]
[SourceQuality "1"]

1. e4 c5 2. Nf3 Nc6 3. d4 cxd4 4. Nxd4 Nf6 5. Nc3 g6 6. Be3 Bg7 7. Nxc6 bxc6 8. Be2 0-0 9. 0-0 d5 10. Bf3 e6 11. exd5 cxd5 12. Bd4 Re8 13. Re1 Bd7 14. Ne2 e5 15. Bxa7 Rxa7 16. Bxd5 Nxd5 17. Qxd5 Qb8 18. b3 Be6 19. Qd2 Rd8 20. Qe3 e4 21. c3 Qa8 22. Nd4 Bxd4 23. cxd4 Rxa2 24. Rab1 Qd5 25. h3 Qxd4 26. b4 Qxe3 27. Rxe3 Rdd2 28. Rxe4 Rxf2 29. g4 h5 30. b5 Rab2 31. Rxb2 Rxb2 32. gxh5 Rxb5 33. hxg6 Rg5+ 34. Kf2 Rxg6 35. Re3 Kg7 36. Ra3 Kh6 37. Re3 Kg5 38. Kg3 f5 39. Ra3 f4+ 40. Kf3 Bxh3 41. Ra5+ Bf5 42. Ra8 Bg4+ 43. Kf2 f3 44. Rf8 Rh6 45. Rg8+ Kh4 46. Rg7 Kh3 47. Rg8 Kh4 48. Rg7 Re6 49. Rh7+ Bh5 50. Rg7 Re2+ 51. Kf1 Bg4 52. Rh7+ Kg3 53. Rg7 Rb2 54. Rd7 Rb1+ 0-1

[Event "Oslo Sveins op 11th"]
[Site "Oslo"]
[Date "2018.06.25"]
[Round "7"]
[White "Lie, Terje"]
[Black "Moe, Pal"]
[Result "1/2-1/2"]
[WhiteElo "1461"]
[BlackElo "1778"]
[PlyCount "115"]
[EventDate "2018.06.22"]
[EventType "swiss"]
[EventRounds "9"]
[EventCountry "NOR"]
[SourceTitle "CBM 185 Extra"]
[Source "ChessBase"]
[SourceDate "2018.07.29"]
[SourceVersion "1"]
[SourceVersionDate "2018.07.29"]
[SourceQuality "1"]

1. d4 Nf6 2. c4 g6 3. Nc3 d5 4. cxd5 Nxd5 5. e4 Nxc3 6. bxc3 Bg7 7. Bc4 0-0 8. Be3 c5 9. Ne2 cxd4 10. cxd4 e6 11. 0-0 b6 12. Qd2 Bb7 13. f3 Nc6 14. Rad1 Na5 15. Bb5 Rc8 16. Bh6 Nc4 17. Bxc4 Rxc4 18. Bxg7 Kxg7 19. Rc1 Ba6 20. Rxc4 Bxc4 21. Rd1 Bxe2 22. Qxe2 Qc7 23. Qb2 Kg8 24. Rc1 Qd7 25. Qc3 Rd8 26. Rd1 Rc8 27. Qb3 Rc6 28. Kf2 Qc7 29. Kg1 Rc3 30. Qa4 a5 31. d5 Qc5+ 32. Qd4 Qxd4+ 33. Rxd4 exd5 34. exd5 Kf8 35. d6 Ke8 36. a4 Kd7 37. h4 h5 38. Kf2 Rc6 39. g4 hxg4 40. fxg4 Rxd6 41. Ke3 Rxd4 42. Kxd4 Ke6 43. Ke4 f5+ 44. gxf5+ gxf5+ 45. Kf4 Kf6 46. h5 Kg7 47. Kxf5 Kh6 48. Ke5 Kxh5 49. Kd5 Kg6 50. Kc6 Kf7 51. Kxb6 Ke7 52. Kxa5 Kd7 53. Kb6 Kc8 54. Ka7 Kc7 55. a5 Kc8 56. Ka8 Kc7 57. Ka7 Kc8 58. Ka8 1/2-1/2

[Event "Oslo Sveins op 11th"]
[Site "Oslo"]
[Date "2018.06.23"]
[Round "2"]
[White "Moe, Pal"]
[Black "Nilsen, Tobias Lang"]
[Result "1/2-1/2"]
[WhiteElo "1778"]
[BlackElo "2052"]
[PlyCount "145"]
[EventDate "2018.06.22"]
[EventType "swiss"]
[EventRounds "9"]
[EventCountry "NOR"]
[SourceTitle "CBM 185 Extra"]
[Source "ChessBase"]
[SourceDate "2018.07.29"]
[SourceVersion "1"]
[SourceVersionDate "2018.07.29"]
[SourceQuality "1"]

1. e4 Nc6 2. d4 d5 3. e5 Bf5 4. c3 e6 5. Nf3 Qd7 6. Be2 Nge7 7. 0-0 h6 8. Be3 g5 9. Ne1 Bg6 10. Nd2 Nf5 11. b4 Nce7 12. Nb3 Nxe3 13. fxe3 Nf5 14. Qd2 h5 15. Nc5 Bxc5 16. bxc5 h4 17. Bd3 c6 18. Rb1 Rb8 19. Rf2 g4 20. Rf4 g3 21. h3 Ne7 22. Bxg6 fxg6 23. Rf6 g5 24. Nf3 Rg8 25. Rf1 Nf5 26. e4 dxe4 27. Ne1 Kd8 28. R1xf5 exf5 29. Rd6 Ke7 30. Rxd7+ Kxd7 31. d5 Rbd8 32. c4 Ke7 33. Qd4 b6 34. cxb6 axb6 35. Qxb6 cxd5 36. Qf6+ Kd7 37. cxd5 Kc7 38. Qc6+ Kb8 39. d6 g4 40. hxg4 fxg4 41. Qxe4 h3 42. Qb4+ Ka7 43. Qa3+ Kb6 44. Qxg3 Kc5 45. Nd3+ Kd4 46. Nf2 Rb8 47. Qf4+ Kd5 48. Qe4+ Kc5 49. d7 h2+ 50. Kf1 g3 51. Nh1 Rb4 52. Qe3+ Kc4 53. Qe4+ Kc3 54. Qe1+ Kc4 55. Qe4+ Kc5 56. Qe3+ Kc4 57. Qc1+ Kd3 58. Qd1+ Kc3 59. Qe1+ Kc4 60. Qc1+ Kb5 61. Qe3 Rb1+ 62. Ke2 Rxh1 63. Qb3+ Kc5 64. Qxg8 Re1+ 65. Kxe1 h1Q+ 66. Kd2 Qxg2+ 67. Kc3 Qf3+ 68. Kb2 Qe2+ 69. Ka3 Qa6+ 70. Kb2 Qe2+ 71. Ka3 Qa6+ 72. Kb2 Qe2+ 73. Ka3 1/2-1/2

[Event "Oslo Sveins op 11th"]
[Site "Oslo"]
[Date "2018.06.23"]
[Round "3"]
[White "Sundsbo, Sigve"]
[Black "Moe, Pal"]
[Result "1-0"]
[WhiteElo "1799"]
[BlackElo "1778"]
[PlyCount "107"]
[EventDate "2018.06.22"]
[EventType "swiss"]
[EventRounds "9"]
[EventCountry "NOR"]
[SourceTitle "CBM 185 Extra"]
[Source "ChessBase"]
[SourceDate "2018.07.29"]
[SourceVersion "1"]
[SourceVersionDate "2018.07.29"]
[SourceQuality "1"]

1. d4 d5 2. c4 Nf6 3. cxd5 Nxd5 4. e4 Nb6 5. Nf3 e6 6. Be3 Be7 7. Nc3 0-0 8. Be2 N8d7 9. 0-0 c5 10. a4 cxd4 11. Nxd4 Nf6 12. Qc2 e5 13. Nf3 Nbd7 14. Rfd1 Qc7 15. Rac1 Qb8 16. Nb5 Bd8 17. Ng5 Bb6 18. Bxb6 axb6 19. Nd6 Nc5 20. b4 Ne6 21. Ngxf7 Rxf7 22. Qxc8+ Qxc8 23. Rxc8+ Rxc8 24. Nxc8 Rc7 25. Nxb6 Kf8 26. f3 Nd4 27. Bd3 h6 28. a5 Ke7 29. b5 Rc5 30. a6 bxa6 31. bxa6 Nc6 32. Rb1 Kd8 33. Bb5 Na7 34. Be2 Rc7 35. Kf2 Nc6 36. Rc1 Na7 37. Rd1+ Ke7 38. Nd5+ Nxd5 39. Rxd5 Ke6 40. Rd2 Rc5 41. Rb2 Rc7 42. Rb7 Kd7 43. Bc4 Rxb7 44. axb7 Kc7 45. Bd5 Nb5 46. Ke3 g5 47. g3 Nd6 48. f4 gxf4+ 49. gxf4 exf4+ 50. Kxf4 Nxb7 51. Bxb7 Kxb7 52. Kf5 Kc7 53. Kf6 Kd8 54. Kf7 1-0

[Event "NOR-ch Seniors-A"]
[Site "Stavanger"]
[Date "2017.07.01"]
[Round "1"]
[White "Moe, Pal"]
[Black "Stake Larsen, Gunnar"]
[Result "0-1"]
[WhiteElo "1808"]
[BlackElo "1992"]
[PlyCount "120"]
[EventDate "2017.07.01"]
[EventType "swiss"]
[EventRounds "9"]
[EventCountry "NOR"]
[SourceTitle "EXT 2018"]
[Source "ChessBase"]
[SourceDate "2017.10.13"]
[SourceVersion "1"]
[SourceVersionDate "2017.10.13"]
[SourceQuality "1"]

1. e4 c5 2. Nf3 e6 3. d4 cxd4 4. Nxd4 a6 5. a3 Qc7 6. g3 Nf6 7. Bg2 Nc6 8. Be3 Be7 9. 0-0 Nxd4 10. Bxd4 d6 11. Nc3 e5 12. Be3 Be6 13. h3 Qd7 14. Kh2 h5 15. f3 d5 16. exd5 Nxd5 17. Nxd5 Bxd5 18. Qd2 Qe6 19. Rad1 Bc6 20. h4 0-0 21. Bh3 Qg6 22. Qf2 Rad8 23. Bg2 Rc8 24. c3 Rcd8 25. Bc5 Bxc5 26. Qxc5 Rxd1 27. Rxd1 Qc2 28. Rf1 Qxb2 29. Rf2 Qb5 30. Qxb5 axb5 31. Re2 f6 32. f4 exf4 33. gxf4 Kf7 34. Bxc6 bxc6 35. c4 bxc4 36. Rc2 Ke6 37. Rxc4 Kd5 38. Ra4 Rf7 39. Kg3 Re7 40. Kf3 c5 41. Ra8 Kd4 42. Rd8+ Kc3 43. Rd5 c4 44. a4 Kb3 45. a5 c3 46. a6 Kc4 47. Ra5 Ra7 48. Ke2 Kb4 49. Ra1 Kb3 50. Rb1+ Kc2 51. Rb6 Re7+ 52. Kf2 Re4 53. a7 Rxf4+ 54. Ke3 Ra4 55. Rb7 g5 56. hxg5 fxg5 57. Kf3 Kc1 58. Ke3 c2 59. Kd3 Kd1 60. Rf7 Ra3+ 0-1

[Event "NOR-ch Class2"]
[Site "Lillehammer"]
[Date "2013.06.29"]
[Round "4"]
[White "Moe, Pal"]
[Black "Kallset, Eirik Viken"]
[Result "0-1"]
[WhiteElo "1546"]
[BlackElo "1528"]
[PlyCount "108"]
[EventDate "2013.06.29"]
[EventType "swiss"]
[EventRounds "9"]
[EventCountry "NOR"]
[SourceTitle "EXT 2017"]
[Source "ChessBase"]
[SourceDate "2016.10.25"]
[SourceVersion "1"]
[SourceVersionDate "2016.10.25"]
[SourceQuality "1"]

1. e4 e6 2. d4 d5 3. Nc3 Bb4 4. e5 c5 5. a3 Bxc3+ 6. bxc3 Ne7 7. Nf3 Nbc6 8. Bd3 Qa5 9. Bd2 c4 10. Be2 Bd7 11. 0-0 Ng6 12. h3 Nce7 13. Qb1 Qc7 14. a4 a5 15. Bc1 Bc6 16. Ba3 Qd7 17. h4 Bxa4 18. g3 Nc6 19. h5 Nge7 20. h6 gxh6 21. Qb6 Bxc2 22. Bc1 h5 23. Bg5 Rg8 24. Bf6 a4 25. Bd1 Ra6 26. Qb2 Bxd1 27. Rfxd1 Na5 28. Ng5 h6 29. Nh7 Rg6 30. Bxe7 Qxe7 31. Qb5+ Qd7 32. Qxd7+ Kxd7 33. Nf8+ Ke7 34. Nxg6+ fxg6 35. Rxa4 Nb3 36. Rxa6 bxa6 37. Kg2 a5 38. Rh1 Kf7 39. g4 h4 40. Rxh4 a4 41. Rxh6 Kg7 42. Rh1 a3 43. f4 a2 44. f5 gxf5 45. gxf5 a1Q 46. Rxa1 Nxa1 47. fxe6 Nb3 48. Kf3 Nd2+ 49. Kf4 Kf8 50. e7+ Kxe7 51. Kf5 Ne4 52. e6 Kd6 53. e7 Kxe7 54. Ke5 Nxc3 0-1

[Event "NOR-ch Class2"]
[Site "Lillehammer"]
[Date "2013.06.29"]
[Round "9"]
[White "Sorjordet, Anders"]
[Black "Moe, Pal"]
[Result "0-1"]
[WhiteElo "1586"]
[BlackElo "1546"]
[PlyCount "42"]
[EventDate "2013.06.29"]
[EventType "swiss"]
[EventRounds "9"]
[EventCountry "NOR"]
[SourceTitle "EXT 2017"]
[Source "ChessBase"]
[SourceDate "2016.10.25"]
[SourceVersion "1"]
[SourceVersionDate "2016.10.25"]
[SourceQuality "1"]

1. d4 Nf6 2. Nf3 d5 3. g3 g6 4. Bg2 Bg7 5. 0-0 0-0 6. c4 c6 7. b3 Bf5 8. Nbd2 c5 9. Bb2 dxc4 10. Nxc4 cxd4 11. Nxd4 Be4 12. f3 Bd5 13. Rc1 Nc6 14. e4 Bxc4 15. Rxc4 Qb6 16. Qa1 e5 17. Kh1 exd4 18. f4 Ng4 19. Rxc6 bxc6 20. e5 Rad8 21. f5 Bxe5 0-1

[Event "Oslo Sveins op 4th"]
[Site "Oslo"]
[Date "2011.06.24"]
[Round "4"]
[White "Moe, Pal"]
[Black "Greeuw, Sietske"]
[Result "0-1"]
[WhiteElo "1832"]
[BlackElo "1981"]
[PlyCount "81"]
[EventDate "2011.06.24"]
[EventType "swiss"]
[EventRounds "9"]
[EventCountry "NOR"]
[SourceTitle "CBM 143 Extra"]
[Source "ChessBase"]
[SourceDate "2011.08.29"]
[SourceVersion "1"]
[SourceVersionDate "2011.08.29"]
[SourceQuality "1"]

1. e4 c5 2. Nf3 Nc6 3. d4 cxd4 4. Nxd4 e5 5. Nb5 d6 6. N1c3 a6 7. Na3 b5 8. Nd5 Nge7 9. c4 Nxd5 10. cxd5 Nd4 11. Be2 g6 12. 0-0 Bg7 13. Be3 Bd7 14. Rc1 0-0 15. Nc2 Nxe2+ 16. Qxe2 a5 17. Na3 Rb8 18. Rc2 f5 19. f3 Rb7 20. Rfc1 fxe4 21. fxe4 Qh4 22. Bf2 Qf4 23. Bg3 Qg5 24. Rc7 Bh6 25. Qe1 Rxc7 26. Rxc7 Qe3+ 27. Qxe3 Bxe3+ 28. Bf2 Bxf2+ 29. Kh1 Bb6 30. Rc1 Rf2 31. h3 Rxb2 32. Kh2 Rxa2 33. Nxb5 Bxb5 34. Rb1 Bc5 35. Rxb5 a4 36. Kg3 a3 37. Rb7 Rb2 38. Rd7 a2 39. Rd8+ Kg7 40. Ra8 Bd4 41. Kf3 0-1

[Event "Oslo Sveins op 4th"]
[Site "Oslo"]
[Date "2011.06.24"]
[Round "6"]
[White "Moe, Pal"]
[Black "Johansen, Steen"]
[Result "0-1"]
[WhiteElo "1832"]
[BlackElo "1961"]
[PlyCount "62"]
[EventDate "2011.06.24"]
[EventType "swiss"]
[EventRounds "9"]
[EventCountry "NOR"]
[SourceTitle "CBM 143 Extra"]
[Source "ChessBase"]
[SourceDate "2011.08.29"]
[SourceVersion "1"]
[SourceVersionDate "2011.08.29"]
[SourceQuality "1"]

1. e4 c5 2. Nf3 Nc6 3. d4 cxd4 4. Nxd4 g6 5. Nc3 Bg7 6. Be3 Nf6 7. Bc4 0-0 8. 0-0 d6 9. Be2 a6 10. Nb3 b5 11. a3 Ne5 12. f3 Be6 13. Nd4 Bc4 14. Bd3 Rc8 15. Qd2 d5 16. Rfd1 Bxd3 17. cxd3 dxe4 18. dxe4 Nc4 19. Qf2 Qc7 20. Rac1 Nd7 21. Na2 Nxe3 22. Qxe3 Qa7 23. Rxc8 Rxc8 24. Nc3 Qc5 25. Kf2 Nb6 26. Nce2 Nc4 27. Qc1 e5 28. b3 exd4 29. bxc4 d3+ 30. Ke1 dxe2 31. Kxe2 Qxc4+ 0-1

[Event "Oslo Sveins op 3rd"]
[Site "Oslo"]
[Date "2010.06.22"]
[Round "8"]
[White "Moe, Pal"]
[Black "Tari, Aryan"]
[Result "0-1"]
[WhiteElo "1822"]
[BlackElo "1997"]
[PlyCount "86"]
[EventDate "2010.06.18"]
[EventType "swiss"]
[EventRounds "9"]
[EventCountry "NOR"]
[SourceTitle "CBM 137 Extra"]
[Source "ChessBase"]
[SourceDate "2010.09.01"]
[SourceVersion "1"]
[SourceVersionDate "2010.09.01"]
[SourceQuality "1"]

1. e4 c5 2. Nf3 Nc6 3. d4 cxd4 4. Nxd4 g6 5. Nc3 Bg7 6. Be3 Nf6 7. Be2 0-0 8. 0-0 d5 9. exd5 Nxd5 10. Nxd5 Qxd5 11. Bf3 Qc4 12. Nxc6 bxc6 13. c3 Ba6 14. Re1 Rfd8 15. Qc2 Bc8 16. Red1 Bf5 17. Qb3 Qa6 18. Rxd8+ Rxd8 19. Rd1 Re8 20. a3 h5 21. Rd2 Be5 22. Be2 Qc8 23. g3 Qc7 24. Qa4 a5 25. Bf3 Rc8 26. Bc5 Be6 27. Bg2 Bf6 28. Qf4 Qxf4 29. gxf4 h4 30. Bd4 Bxd4 31. Rxd4 Rb8 32. Rd2 c5 33. Bf3 Kg7 34. Kg2 Kf6 35. Be4 Rb6 36. Kf3 Rd6 37. Rxd6 exd6 38. b4 d5 39. Bc2 axb4 40. axb4 c4 41. b5 Ke7 42. f5 gxf5 43. Ke3 Kd6 0-1

[Event "Oslo Sveins op 3rd"]
[Site "Oslo"]
[Date "2010.06.18"]
[Round "1"]
[White "Stigar, Petter"]
[Black "Moe, Pal"]
[Result "1-0"]
[WhiteElo "2281"]
[BlackElo "1822"]
[PlyCount "57"]
[EventDate "2010.06.18"]
[EventType "swiss"]
[EventRounds "9"]
[EventCountry "NOR"]
[SourceTitle "CBM 137 Extra"]
[Source "ChessBase"]
[SourceDate "2010.09.01"]
[SourceVersion "1"]
[SourceVersionDate "2010.09.01"]
[SourceQuality "1"]

1. Nf3 Nf6 2. c4 c6 3. d4 d5 4. e3 Bf5 5. cxd5 cxd5 6. Qb3 Qc7 7. Bd2 Nc6 8. Bb5 Bd7 9. 0-0 e6 10. Rc1 Bd6 11. Nc3 0-0 12. Bxc6 Qxc6 13. Ne4 Qa6 14. Nxd6 Qxd6 15. Bb4 Qa6 16. Bxf8 Rxf8 17. Ne5 Bc6 18. Nxc6 bxc6 19. Rc2 Nd7 20. Rac1 c5 21. dxc5 Qc6 22. Qc3 e5 23. b4 a6 24. a4 Rc8 25. b5 axb5 26. axb5 Qxb5 27. c6 Nb6 28. Qxe5 Nc4 29. Rxc4 1-0

[Event "Nord Odal Sommer GP"]
[Site "Sagstua"]
[Date "2010.06.12"]
[Round "3"]
[White "Moe, Pal"]
[Black "Rodvik, Trym Daniel"]
[Result "1-0"]
[WhiteElo "1822"]
[BlackElo "1679"]
[PlyCount "59"]
[EventDate "2010.06.12"]
[EventType "tourn"]
[EventRounds "5"]
[EventCountry "NOR"]
[SourceTitle "EXT 2012"]
[Source "ChessBase"]
[SourceDate "2011.11.24"]
[SourceVersion "1"]
[SourceVersionDate "2011.11.24"]
[SourceQuality "1"]

1. e4 Nf6 2. e5 Nd5 3. d4 d6 4. Nf3 dxe5 5. Nxe5 c6 6. c3 Nd7 7. Nxd7 Bxd7 8. Bd3 g6 9. 0-0 Bg7 10. Bd2 0-0 11. Qc1 Qb6 12. Na3 c5 13. dxc5 Qxc5 14. Bh6 Rad8 15. Bxg7 Kxg7 16. Re1 Bc6 17. Be4 Rfe8 18. Bf3 e5 19. g3 f5 20. Bg2 e4 21. Nc2 Rd7 22. Nd4 Ba4 23. Qg5 Nf6 24. h3 h6 25. Qe3 Nd5 26. Nxf5+ gxf5 27. Qxc5 Red8 28. Qd4+ Nf6 29. Qxa4 a6 30. Rad1 1-0

[Event "Oslo Akademisk Pfingst op"]
[Site "Oslo"]
[Date "2010.05.22"]
[Round "4"]
[White "Moe, Pal"]
[Black "Haug, Johannes"]
[Result "1-0"]
[WhiteElo "1822"]
[BlackElo "1640"]
[PlyCount "59"]
[EventDate "2010.05.22"]
[EventType "swiss"]
[EventRounds "6"]
[EventCountry "NOR"]
[SourceTitle "EXT 2012"]
[Source "ChessBase"]
[SourceDate "2011.11.24"]
[SourceVersion "1"]
[SourceVersionDate "2011.11.24"]
[SourceQuality "1"]

1. e4 d6 2. d4 g6 3. Nc3 c6 4. Be3 Bg7 5. Nf3 b5 6. a3 Nf6 7. h3 Nbd7 8. Qd2 0-0 9. Be2 Bb7 10. 0-0 c5 11. e5 cxd4 12. Qxd4 Nh5 13. Rad1 a6 14. Qh4 Nxe5 15. Nxe5 Bxe5 16. Bxh5 gxh5 17. Bh6 Re8 18. Rfe1 Kh8 19. Rxe5 dxe5 20. Rxd8 Raxd8 21. Qxh5 Rg8 22. g3 f6 23. Qf7 Rd7 24. Qe6 Rgd8 25. Qg4 e6 26. Kh2 Bc6 27. Qxe6 Rd6 28. Qe7 R6d7 29. Qxf6+ Kg8 30. Qxc6 1-0

[Event "Oslo Akademisk Pfingst op"]
[Site "Oslo"]
[Date "2010.05.22"]
[Round "5"]
[White "Salomon, Johan"]
[Black "Moe, Pal"]
[Result "0-1"]
[WhiteElo "1770"]
[BlackElo "1822"]
[PlyCount "90"]
[EventDate "2010.05.22"]
[EventType "swiss"]
[EventRounds "6"]
[EventCountry "NOR"]
[SourceTitle "EXT 2012"]
[Source "ChessBase"]
[SourceDate "2011.11.24"]
[SourceVersion "1"]
[SourceVersionDate "2011.11.24"]
[SourceQuality "1"]

1. d4 d5 2. c4 e6 3. Nf3 Nf6 4. g3 dxc4 5. Bg2 Be7 6. Ne5 0-0 7. Nc3 Nbd7 8. Nxc4 c5 9. 0-0 cxd4 10. Qxd4 Bc5 11. Qh4 Be7 12. Rd1 Nd5 13. Qd4 Bf6 14. Qd2 Nxc3 15. bxc3 Qc7 16. Qd3 Rd8 17. Bf4 e5 18. Be3 Nc5 19. Qc2 Be6 20. Nd2 Bd5 21. Bxc5 Qxc5 22. Ne4 Qc6 23. Nxf6+ gxf6 24. Bxd5 Rxd5 25. Qf5 Rad8 26. Rxd5 Rxd5 27. Rc1 Qe6 28. Qxe6 fxe6 29. Rb1 b6 30. Rb2 Kf8 31. Kg2 Ke7 32. Kf3 f5 33. Rb3 Ra5 34. a3 Ra4 35. Ke3 Kd6 36. Kd3 e4+ 37. Kc2 h5 38. Kb2 Rc4 39. Rb4 Rc7 40. h4 e5 41. Kb3 Ke6 42. Rc4 Rxc4 43. Kxc4 f4 44. Kb4 e3 45. fxe3 fxg3 0-1

[Event "Politiken Cup 31st"]
[Site "Helsingor"]
[Date "2009.07.22"]
[Round "6"]
[White "Moe, Pal"]
[Black "Pedersen, Nicolai Kvist Brond"]
[Result "0-1"]
[WhiteElo "1820"]
[BlackElo "2014"]
[PlyCount "120"]
[EventDate "2009.07.18"]
[EventType "swiss"]
[EventRounds "10"]
[EventCountry "DEN"]
[SourceTitle "CBM 131 Extra"]
[Source "ChessBase"]
[SourceDate "2009.09.03"]
[SourceVersion "2"]
[SourceVersionDate "2009.09.16"]
[SourceQuality "1"]

1. e4 c6 2. d4 d5 3. Nc3 dxe4 4. Nxe4 Bf5 5. Ng3 Bg6 6. h4 h6 7. Nf3 Nd7 8. Bd3 Bxd3 9. Qxd3 e6 10. Bd2 Ngf6 11. 0-0-0 Be7 12. Kb1 0-0 13. Ne4 Ng4 14. Nh2 Nxh2 15. Rxh2 c5 16. c3 cxd4 17. cxd4 Nf6 18. Bc3 Nd5 19. Bd2 Rc8 20. f4 Qb6 21. g4 Qa6 22. Qf3 Qc4 23. Bc3 f5 24. gxf5 exf5 25. Nf2 Bb4 26. Rc1 Bxc3 27. Nd1 Qxd4 28. Nxc3 Nxc3+ 29. bxc3 Qe4+ 30. Qxe4 fxe4 31. Rf2 e3 32. Re2 Rxf4 33. Rxe3 Rxh4 34. Re7 Rhc4 35. Rxb7 Rxc3 36. Rg1 R8c7 37. Rb8+ Kh7 38. Rb5 R3c5 39. Rb3 R7c6 40. Rbg3 Rb6+ 41. Ka1 Rb7 42. Rd3 Rcb5 43. Rc3 h5 44. Rh1 Kh6 45. Rg1 g6 46. Rc6 Rg5 47. Rd1 Rb6 48. Rc3 h4 49. Rc7 a6 50. Rc4 Rh5 51. Rd8 Rb7 52. Rd6 h3 53. Rc1 h2 54. Rh1 Rb4 55. Rxa6 Rg4 56. Rb6 Rg1+ 57. Rb1 Rxh1 58. Rxh1 g5 59. Kb2 g4 60. a4 g3 0-1

[Event "Politiken Cup 31st"]
[Site "Helsingor"]
[Date "2009.07.18"]
[Round "1"]
[White "Eriksson, Christian Altenburg"]
[Black "Moe, Pal"]
[Result "1-0"]
[WhiteElo "2181"]
[BlackElo "1820"]
[PlyCount "109"]
[EventDate "2009.07.18"]
[EventType "swiss"]
[EventRounds "10"]
[EventCountry "DEN"]
[SourceTitle "CBM 131 Extra"]
[Source "ChessBase"]
[SourceDate "2009.09.03"]
[SourceVersion "2"]
[SourceVersionDate "2009.09.16"]
[SourceQuality "1"]

1. e4 c5 2. c3 d5 3. exd5 Qxd5 4. d4 Nf6 5. Nf3 e6 6. Na3 a6 7. Nc4 Qd8 8. a4 cxd4 9. Nxd4 Be7 10. a5 Nbd7 11. Be2 0-0 12. 0-0 Nd5 13. Bf3 Qc7 14. Bxd5 exd5 15. Nf5 dxc4 16. Nxe7+ Kh8 17. Nd5 Qc6 18. Qd4 Nc5 19. Ne7 Qb5 20. Bh6 Ne6 21. Bxg7+ Nxg7 22. Rae1 Be6 23. Qf6 Rae8 24. Re5 Qd7 25. Rg5 Rg8 26. Nxg8 Rxg8 27. h4 Qd6 28. Qf3 f6 29. Rg3 Nf5 30. Rd1 Qf8 31. Rxg8+ Kxg8 32. Qxb7 Ne7 33. Qb6 Kf7 34. Re1 Qc8 35. Qe3 Qd7 36. Qe2 Bg4 37. Qxc4+ Kg7 38. Qxa6 Nc6 39. Qb5 Qc8 40. a6 Ne5 41. Qb7+ Kg6 42. Qxc8 Bxc8 43. a7 Bb7 44. f4 Nd3 45. Re8 Nxf4 46. a8Q Bxa8 47. Rxa8 Kf5 48. g3 Nd3 49. Rd8 Nxb2 50. Rd4 h5 51. Kf2 Ke5 52. Ke2 f5 53. Kd2 f4 54. gxf4+ Kf5 55. Kc2 1-0

[Event "Bergen Sommer op-B"]
[Site "Bergen"]
[Date "2008.08.08"]
[Round "6"]
[White "Rasdal, Yngve"]
[Black "Moe, Pal"]
[Result "0-1"]
[WhiteElo "1262"]
[BlackElo "1431"]
[PlyCount "120"]
[EventDate "2008.08.03"]
[EventType "swiss"]
[EventRounds "6"]
[EventCountry "NOR"]
[SourceTitle "EXT 2010"]
[Source "ChessBase"]
[SourceDate "2010.11.25"]
[SourceVersion "1"]
[SourceVersionDate "2010.11.25"]
[SourceQuality "1"]

1. d4 Nf6 2. c4 g6 3. Nf3 Bg7 4. Nc3 d5 5. e3 0-0 6. Be2 e6 7. 0-0 dxc4 8. Bxc4 b6 9. Qc2 Bb7 10. Be2 Nbd7 11. Rd1 Qe7 12. b3 Rfd8 13. Nb5 c5 14. Ba3 a6 15. Nc3 Rac8 16. Rac1 Qe8 17. Bb2 cxd4 18. Nxd4 Ne4 19. Bxa6 Nxc3 20. Bxb7 Nxd1 21. Bxc8 Nxb2 22. Bxd7 Qxd7 23. Qxb2 Bxd4 24. exd4 Qxd4 25. Qc2 Qd2 26. Kf1 Qf4 27. g3 Qf3 28. Qc6 Qd3+ 29. Kg2 Rd6 30. Qc8+ Rd8 31. Qc3 Qxc3 32. Rxc3 Rd2 33. Rc6 Rxa2 34. Rxb6 Kg7 35. Kf3 h5 36. h4 Kf6 37. b4 Kf5 38. b5 Rb2 39. Rb8 f6 40. b6 e5 41. b7 Rb3+ 42. Ke2 Ke4 43. Rg8 Rb2+ 44. Kf1 Rxb7 45. Rxg6 f5 46. Rh6 Kf3 47. Ke1 Rb1+ 48. Kd2 Rb2+ 49. Ke1 Re2+ 50. Kd1 Rxf2 51. Rxh5 Kxg3 52. Rh8 e4 53. h5 Kf3 54. h6 Rh2 55. h7 f4 56. Ke1 e3 57. Kd1 Rh1+ 58. Kc2 e2 59. Re8 Rxh7 60. Kd2 Rd7+ 0-1